Census of Law Enforcement Training Academies, 2002: (United States)

The 2002 Census of Law Enforcement Training Academies (CLETA02) was the first effort by the Bureau of Justice Statistics (BJS) to collect information from law enforcement training academies across the United States. The CLETA02 included all currently operating academies that provided basic law enfor...

Full description

Saved in:  
Bibliographic Details
Corporate Author: United States Department of Justice. Office of Justice Programs. Bureau of Justice Statistics. VerfasserIn (Author)
Format: Electronic Research Data
Language:English
Published: [Erscheinungsort nicht ermittelbar] [Verlag nicht ermittelbar] 2005
In:Year: 2005
Online Access: Volltext (kostenfrei)
Check availability: HBZ Gateway
Keywords:

MARC

LEADER 00000cam a22000002c 4500
001 184006627X
003 DE-627
005 20250706103003.0
007 cr uuu---uuuuu
008 230324s2005 xx |||||o 00| ||eng c
024 7 |a 10.3886/ICPSR04255.v1  |2 doi 
035 |a (DE-627)184006627X 
035 |a (DE-599)KXP184006627X 
040 |a DE-627  |b ger  |c DE-627  |e rda 
041 |a eng 
084 |a 2,1  |2 ssgn 
110 2 |a United States Department of Justice. Office of Justice Programs. Bureau of Justice Statistics  |e VerfasserIn  |4 aut 
245 1 0 |a Census of Law Enforcement Training Academies, 2002: (United States) 
264 1 |a [Erscheinungsort nicht ermittelbar]  |b [Verlag nicht ermittelbar]  |c 2005 
336 |a Text  |b txt  |2 rdacontent 
337 |a Computermedien  |b c  |2 rdamedia 
338 |a Online-Ressource  |b cr  |2 rdacarrier 
520 |a The 2002 Census of Law Enforcement Training Academies (CLETA02) was the first effort by the Bureau of Justice Statistics (BJS) to collect information from law enforcement training academies across the United States. The CLETA02 included all currently operating academies that provided basic law enforcement training. Academies that provided only in-service training, corrections/detention training, or other special types of training were excluded. Data were collected on personnel, expenditures, facilities, equipment, trainees, training curricula, and a variety of special topic areas. As of year-end 2002, a total of 626 law enforcement academies operating in the United States offered basic law enforcement training to individuals recruited or seeking to become law enforcement officers. 
540 |a ICPSR Terms of Use 
650 4 |a census data 
650 4 |a Law Enforcement 
650 4 |a police departments 
650 4 |a Police officers 
650 4 |a Police Training 
655 7 |a Forschungsdaten  |0 (DE-588)1098579690  |0 (DE-627)857755366  |0 (DE-576)469182156  |2 gnd-content 
787 0 8 |i Forschungsdaten zu  |a Urbina, Martin G., 1972 -   |t Latino Police Officers in the United States: An Examination of Emerging Trends and Issues  |d [Erscheinungsort nicht ermittelbar] : Charles C Thomas Publisher, 2015  |w (DE-627)1912606305 
787 0 8 |i Forschungsdaten zu  |a Thach, Samedi  |t Law Enforcement Officer's Readiness to Work with People Who Are Mentally Impaired  |d [Erscheinungsort nicht ermittelbar] : California State University, Sacramento, 2013  |w (DE-627)1912606925 
787 0 8 |i Forschungsdaten zu  |a Schulze, Corina  |t The masculine yardstick of physical competence: U.S. police academy fitness tests  |d 2012  |w (DE-627)1912616823 
787 0 8 |i Forschungsdaten zu  |a Hickman, Matthew J.  |t State and Local Law Enforcement Training Academies, 2002  |d [Erscheinungsort nicht ermittelbar] : United States Department of Justice, Bureau of Justice Statistics, 2005  |w (DE-627)1912710811 
787 0 8 |i Forschungsdaten zu  |a Reaves, Brian A.  |t State and Local Law Enforcement Training Academies, 2006  |d United States Department of Justice, Bureau of Justice Statistics, 2009  |w (DE-627)191271082X 
787 0 8 |i Forschungsdaten zu  |a Reaves, Brian A.  |t The state of law enforcement training academies  |d 2017  |w (DE-627)1912712016 
856 4 0 |u https://doi.org/10.3886/ICPSR04255.v1  |x Resolving-System  |z kostenfrei  |3 Volltext  |7 0 
935 |a mkri 
951 |a BO 
ELC |a 1 
LOK |0 000 xxxxxcx a22 zn 4500 
LOK |0 001 4296814095 
LOK |0 003 DE-627 
LOK |0 004 184006627X 
LOK |0 005 20230324125335 
LOK |0 008 230324||||||||||||||||ger||||||| 
LOK |0 035   |a (DE-2619)ICPSR4255 
LOK |0 040   |a DE-2619  |c DE-627  |d DE-2619 
LOK |0 092   |o n 
LOK |0 852   |a DE-2619 
LOK |0 852 1  |9 00 
LOK |0 935   |a foda  |a nacj 
LOK |0 939   |a 24-03-23  |b l01 
OAS |a 1 
ORI |a SA-MARC-krimdoka001.raw